Tafheem-ul-Quran Volume 1 (Surah Al-Fatiha - Surah Al-Inam) - (Sindhi) (Record no. 62335)
[ view plain ]
| 000 -LEADER | |
|---|---|
| fixed length control field | 00574nam a22001817a 4500 |
| 003 - CONTROL NUMBER IDENTIFIER | |
| control field | NUST-PNEC |
| 005 - DATE AND TIME OF LATEST TRANSACTION | |
| control field | 20170116180745.0 |
| 008 - FIXED-LENGTH DATA ELEMENTS--GENERAL INFORMATION | |
| fixed length control field | 150122b xxu||||| |||| 00| 0 eng d |
| 040 ## - CATALOGING SOURCE | |
| Transcribing agency | PNEC |
| 082 ## - DEWEY DECIMAL CLASSIFICATION NUMBER | |
| Classification number | 297.1227 MAU |
| 100 ## - MAIN ENTRY--PERSONAL NAME | |
| 9 (RLIN) | 1233 |
| Personal name | Maududi Abul Ala |
| 245 ## - TITLE STATEMENT | |
| Title | Tafheem-ul-Quran Volume 1 (Surah Al-Fatiha - Surah Al-Inam) - (Sindhi) |
| Statement of responsibility, etc. | Abul Ala Maududi |
| 260 ## - PUBLICATION, DISTRIBUTION, ETC. | |
| Place of publication, distribution, etc. | Hyderabad : |
| Name of publisher, distributor, etc. | Sindh Islamic Publication. |
| Date of publication, distribution, etc. | c1988. |
| 300 ## - PHYSICAL DESCRIPTION | |
| Extent | 610 p. : |
| Dimensions | 28 cm. |
| 650 ## - SUBJECT ADDED ENTRY--TOPICAL TERM | |
| General subdivision | Islam |
| -- | History |
| 700 ## - ADDED ENTRY--PERSONAL NAME | |
| 9 (RLIN) | 1240 |
| Personal name | Moulana Jan Muhammad Bhutto |
| Numeration | Translator (Sindhi) |
| 942 ## - ADDED ENTRY ELEMENTS (KOHA) | |
| Source of classification or shelving scheme | |
| Koha item type | Book |
| Withdrawn status | Lost status | Source of classification or shelving scheme | Damaged status | Not for loan | Permanent Location | Current Location | Shelving location | Date acquired | Source of acquisition | Cost, normal purchase price | Total Checkouts | Full call number | Barcode | Date last seen | Cost, replacement price | Price effective from | Koha item type |
|---|---|---|---|---|---|---|---|---|---|---|---|---|---|---|---|---|---|
| Pakistan Navy Engineering College (PNEC) | Pakistan Navy Engineering College (PNEC) | 05/23/1997 | Donated | 125.00 | 297.1227 MAU | PNECLIB-019417 | 01/23/2015 | 125.00 | 05/23/1997 | Book |
